| 000 | 02608cam a2200301 4500500 | ||
|---|---|---|---|
| 005 | 20251228060116.0 | ||
| 041 | _afre | ||
| 042 | _adc | ||
| 100 | 1 | 0 |
_aAhovi, Jonathan _eauthor |
| 245 | 0 | 0 | _aPlace du transculturel dans la consultation psy |
| 260 | _c2005. | ||
| 500 | _a63 | ||
| 520 | _aRésumé Grandir en situation migratoire comporte un risque spécifique pour la structuration psychique. La migration des parents en est une donnée interne et externe spécifique, par l’introduction d’une rupture brutale, en entraînant une perte du cadre culturel et de sa fonction d’étayage. Les conséquences chez l’enfant se manifestent essentiellement dans les domaines du soin et de la scolarité, avec des échecs parfois massifs. Chez l’adolescent, au moment du choix du partenaire sexuel, les deux axes narcissique et objectal croisent nécessairement un troisième axe culturel. Or les rôles sont souvent inversés, et l’adolescent comme l’enfant devient le guide de ses parents dans le nouveau monde, avec une quantité d’angoisse et une perte de sens. La consultation psy est un lieu privilégié de recherche de sens pour cette catégorie. Le psy a une responsabilité dans ce processus. | ||
| 520 | _aSummary Growing up in a migratory situation entails a specific risk for the psychological structuring. The parent’s migration is one of the specific internal and external inputs since it introduces a sudden breaking off, leading to the loss of the cultural framework and its supporting function. The consequences for the child emerge mainly in health and schooling with sometimes massive failures. For teenagers, when comes the time to choose a sexual partner, the two main lines, narcissistic and object relationship, necessarily cross a third cultural main line. Yet, roles are often reversed, and the teenager as the child, becomes the parent’s guide in the new world, with a big amount of anxiety and a loss of meaning. The psychiatric consultation is a privileged environment for seeking a meaning for third category. The psychiatrist has a responsibility in such a process. | ||
| 690 | _aangoisse | ||
| 690 | _aclivage | ||
| 690 | _aculture | ||
| 690 | _aenfants | ||
| 690 | _amigration | ||
| 690 | _aparents | ||
| 690 | _atrauma | ||
| 690 | _aanxiety | ||
| 690 | _aloss of meaning | ||
| 690 | _amassive failure at school | ||
| 690 | _amigratory situation | ||
| 786 | 0 | _nEnfances & Psy | 30 | 1 | 2005-12-01 | p. 110-120 | 1286-5559 | |
| 856 | 4 | 1 | _uhttps://shs.cairn.info/revue-enfances-et-psy-2006-1-page-110?lang=fr&redirect-ssocas=7080 |
| 999 |
_c1586993 _d1586993 |
||